Caracterización molecular de dos hongos, durante la interacción microorganismo-planta, para el control biológico y la promoción del crecimiento en Arabidopsis thaliana / Miguel Ángel Silva Flores.
Record details
- Physical Description: ix, 63 p. : il. ; 29 cm.
- Publisher: San Luis Potosí, S. L. P. Miguel Ángel Silva Flores, 2011.
Content descriptions
| Dissertation Note: | Tesis (Doctorado en Ciencias en Biología Molecular. Biología Molecular) - Instituto Potosino de Investigación Científica y Tecnológica, 2011. |
| Bibliography, etc. Note: | Incluye bibliografía. |
Search for related items by subject
| Subject: | Aspergillus ustus > Tesis y disertaciones académicas. Trichoderma atroviride > Tesis y disertaciones académicas. Fitohormonas > Tesis y disertaciones académicas. |
Available copies
- 1 of 1 copy available at IPICYT.
Holds
- 0 current holds with 1 total copy.
Show Only Available Copies
| Location | Call Number / Copy Notes | Barcode | Shelving Location | Status | Due Date |
|---|---|---|---|---|---|
| Biblioteca Ipicyt | T.D. IPICYT S5 C3 2011 | TES00278 | Tesis | Available | - |
| LDR | 00620cam a2200205Ka 4500 | ||
|---|---|---|---|
| 001 | 3051 | ||
| 003 | CONS | ||
| 005 | 20160919175612.0 | ||
| 006 | aa frm 000 0 | ||
| 007 | ta | ||
| 008 | 070101s2011 mx a fr 000 0#spa d | ||
| 090 | . | ‡aT.D. IPICYT S5 C3 2011 | |
| 100 | 1 | . | ‡aSilva Flores, Miguel Ángel. |
| 245 | 1 | 0. | ‡aCaracterización molecular de dos hongos, durante la interacción microorganismo-planta, para el control biológico y la promoción del crecimiento en Arabidopsis thaliana / ‡cMiguel Ángel Silva Flores. |
| 260 | . | ‡aSan Luis Potosí, S. L. P. ‡bMiguel Ángel Silva Flores, ‡c2011. | |
| 300 | . | ‡aix, 63 p. : ‡bil. ; ‡c29 cm. | |
| 502 | . | ‡aTesis (Doctorado en Ciencias en Biología Molecular. Biología Molecular) - Instituto Potosino de Investigación Científica y Tecnológica, 2011. | |
| 504 | . | ‡aIncluye bibliografía. | |
| 650 | 4. | ‡aAspergillus ustus ‡vTesis y disertaciones académicas. | |
| 650 | 4. | ‡aTrichoderma atroviride ‡vTesis y disertaciones académicas. | |
| 650 | 4. | ‡aFitohormonas ‡vTesis y disertaciones académicas. | |
| 700 | 2 | . | ‡aInstituto Potosíno de Investigación Científica y Tecnológica, A. C. |
| 901 | . | ‡a3051 ‡b ‡c3051 ‡tbiblio ‡sSystem Local | |